Deník malého Minecrafťáka : komiks. 4, Vítejte v Říši Konce /
Další dobrodružná komiksová výprava světem Minecraftu.
Uloženo v:
| Série: | Deník malého Minecrafťáka (komiks),
část 4 |
|---|---|
| Hlavní autor: | |
| Další autoři: | , , , |
| Médium: | E-kniha |
| Jazyk: | Czech |
| Vydáno: |
V Brně :
Computer Press,
2021
|
| Vydání: | 1. vydání |
| Témata: | |
| Příbuzné jednotky: | Název francouzské verze::
Journal d'un Noob Z cyklu:: Deník malého Minecrafťáka (komiks) |
| Tagy: |
Žádné tagy |
| LEADER | 03166nam a2200637 i 4500 | ||
|---|---|---|---|
| 001 | 311408 | ||
| 003 | CZ PrSKC | ||
| 005 | 20260601215705.0 | ||
| 007 | ta | ||
| 008 | 210921s2021 xr a c 6 000 1 cze | ||
| 015 | |a cnb003353352 | ||
| 020 | |a 9788025150290 |q (brožováno) : |c Kč 169,00 | ||
| 035 | |a (OCoLC)1288052847 | ||
| 035 | |a (OCoLC)1291382483 | ||
| 040 | |a ABG001 |b cze |e rda | ||
| 041 | 1 | |a cze |h fre | |
| 072 | 7 | |a 741.52 |x Komiksy. Komiksové adaptace |2 Konspekt | |
| 072 | 7 | |a 821-93 |x Literatura pro děti a mládež (beletrie) |2 Konspekt | |
| 080 | |a 821-93 |2 MRF | ||
| 080 | |a 741.52(0:82-321.5) |2 MRF | ||
| 080 | |a 741.52(0.046.6) |2 MRF | ||
| 080 | |a 821.111(73)-32 |2 MRF | ||
| 100 | 0 | |a Piratesourcil, |d 1985- |7 xx0244478 |4 aut | |
| 245 | 1 | 0 | |a Deník malého Minecrafťáka : |b komiks. |n 4, |p Vítejte v Říši Konce / |c Cube Kid, Pirate Sourcil, Jez, Odone ; překlad: Martin Herodek |
| 246 | 3 | 0 | |a Vítejte v Říši Konce |
| 250 | |a 1. vydání | ||
| 264 | 1 | |a V Brně : |b Computer Press, |c 2021 | |
| 300 | |a 46 stran : |b barevné ilustrace ; |c 30 cm | ||
| 336 | |a text |b txt |2 rdacontent | ||
| 336 | |a statický obraz |b sti |2 rdacontent | ||
| 337 | |a bez média |b n |2 rdamedia | ||
| 338 | |a svazek |b nc |2 rdacarrier | ||
| 500 | |a Přeloženo z francouzštiny | ||
| 500 | |a Autor původního díla: Cube Kid, scénář: Pirate Sourcil, ilustrace: Jez, barvy: Odone | ||
| 500 | |a Na obálce uvedeni původní nakladatelé: 404 éditions, Jungle | ||
| 520 | 2 | |a Další dobrodružná komiksová výprava světem Minecraftu. |b Bojovník Albéric těžce nese svou proměnu. Jako zombie se ale nakonec připojí k týmu dobrodruhů s jediným cílem: porazit draka z Konce. Napětí mezi Chroptem a Albéricem je obrovské a Minus, Marguerite i Bagel se snaží je usmířit. Tváří v tvář drakovi si nakonec musí vybrat každý: sjednotit se, nebo prchnout! Nakladatelská anotace. | |
| 655 | 7 | |a humoristické komiksy |7 fd1057480 |2 czenas | |
| 655 | 7 | |a komiksové adaptace |7 fd1057342 |2 czenas | |
| 655 | 7 | |a americké příběhy |7 fd131795 |2 czenas | |
| 655 | 7 | |a publikace pro děti |7 fd133156 |2 czenas | |
| 655 | 9 | |a humorous comics |2 eczenas | |
| 655 | 9 | |a comics adaptations |2 eczenas | |
| 655 | 9 | |a American stories |2 eczenas | |
| 655 | 9 | |a children's literature |2 eczenas | |
| 700 | 0 | |a Jez, |d 1985- |7 xx0244473 |4 ill | |
| 700 | 1 | |a Odone, Joël |7 xx0252170 |4 ill | |
| 700 | 1 | |a Herodek, Martin |7 xx0150252 |4 trl | |
| 700 | 0 | |i Adaptace díla: |a Cube Kid |c (spisovatel), |d 1983- |t Diary of a wimpy villager | |
| 765 | 0 | 8 | |i Název francouzské verze: |t Journal d'un Noob |
| 787 | 0 | 8 | |i Z cyklu: |t Deník malého Minecrafťáka (komiks) |g 4 |
| 900 | |a ABA001 |b 20 | ||
| 928 | 9 | |a Albatros Media - Computer Press | |
| 044 | |a xr | ||
| 910 | |a RBIT002 | ||
| 998 | |d 335107 |a https://core.palmknihy.cz/api/books/335107/cover?t9nl10 |b https://core.palmknihy.cz/api/books/335107/cover/400?t9nl10 |c https://core.palmknihy.cz/api/books/335107/cover/50?t9nl10 |e 2031-02-04 |g 48 |i 9788025150290 |k https://core.palmknihy.cz/api/books/335107/preview.pdf |l |q 49 |r 1 |s https://www.palmknihy.cz/kniha/335107 |t ebook |y 2021 |z 0 |v Deník malého Minecrafťáka: komiks |w 4 | ||
| 999 | |d 311406 | ||